Communications in the building industry (Record no. 105128)

MARC details
000 -LEADER
fixed length control field 01316cam a2200253 4500
001 - CONTROL NUMBER
control field ##L132406
008 - FIXED-LENGTH DATA ELEMENTS--GENERAL INFORMATION
fixed length control field 060203n2001 000 0 eng u
020 ## - INTERNATIONAL STANDARD BOOK NUMBER
International Standard Book Number 0415264405
035 ## - SYSTEM CONTROL NUMBER
System control number (Sirsi) u132406
041 0# - LANGUAGE CODE
Language code of text/sound track or separate title eng
050 04 - LIBRARY OF CONGRESS CALL NUMBER
Classification number 658.45 $2 18
100 1# - MAIN ENTRY--PERSONAL NAME
Personal name Higgin, Gurth
245 00 - TITLE STATEMENT
Title Communications in the building industry
Remainder of title the report of a pilot study
260 ## - PUBLICATION, DISTRIBUTION, ETC.
Place of publication, distribution, etc. Abingdon
Name of publisher, distributor, etc. Routledge
Date of publication, distribution, etc. 2001
300 ## - PHYSICAL DESCRIPTION
Extent 125p.
Other physical details ill.
Dimensions 23cm.
350 ## - PRICE (NR) (BK AM CF MU VM SE) [OBSOLETE]
Price 85
490 #0 - SERIES STATEMENT
Series statement Routledge International Behavioural and Social Sciences Library
505 2# - FORMATTED CONTENTS NOTE
Formatted contents note A field report -- Introduction -- Techniques of communication and their uses -- A consideration of factors affecting roles and relationships in the building team -- Operational research and its application to the building process -- Problems, recommendations and requirements
520 ## - SUMMARY, ETC.
Summary, etc. Reports the results of three months' study of the building industry. Looks at the main questions associated with communications in the industry and what lies behind the industry's communication difficulties. Makes recommendations for further research.
520 ## - SUMMARY, ETC.
Summary, etc. First published in 1965 by Tavistock Press, republished by Routledge as a classic.
690 ## - LOCAL SUBJECT ADDED ENTRY--TOPICAL TERM (OCLC, RLIN)
Topical term or geographic name as entry element MANAGEMENT-PROJECT MANAGEMENT-PROJECT COMMUNICATION MANAGEMENT
700 1# - ADDED ENTRY--PERSONAL NAME
Personal name Jessop, Neil
942 ## - ADDED ENTRY ELEMENTS (KOHA)
Suppress in OPAC 0
Holdings
Withdrawn status Lost status Source of classification or shelving scheme Damaged status Not for loan Home library Current library Shelving location Date acquired Cost, normal purchase price Total Checkouts Full call number Barcode Date last seen Date last checked out Copy number Cost, replacement price Price effective from Koha item type
    Dewey Decimal Classification     London London Books 28/07/2006 76.50 5 658.45 HIG 30072766 06/08/2019 03/07/2008 1 76.50 06/08/2019 Book